-
Osorio y Villegas, Antonio,
Entrada Nombre personal
Número de registros utilizados en: 1
001 - NÚMERO DE CONTROL
003 - IDENTIFICADOR DEL NÚMERO DE CONTROL
- campo de control:
DR-UNIBE
005 - FECHA Y HORA DE LA ÚLTIMA TRANSACCIÓN
- campo de control:
20260422152451.0
008 - DATOS DE LONGITUD FIJA
- campo de control de longitud fija:
260422|| aca||aabn | a|a d
040 ## - FUENTE DE LA CATALOGACIÓN
- Centro catalogador/agencia de origen:
DR-UNIBE
- Centro/agencia transcriptor:
DR-UNIBE
100 ## - ENCABEZAMIENTO-NOMBRE DE PERSONA
- Nombre de persona:
Osorio y Villegas, Antonio,
- Fechas asociadas al nombre:
1543-1608
- Subdivisión general:
Crítica e interpretación
670 ## - FUENTE DE DATOS ENCONTRADOS
- Cita de la fuente:
Work cat.: (DR-UNIBE)113466: autor cuidado de la edición 194450, Visita y residencia hecha al gobernador don Antonio Osorio por Diego Gómez de Sandoval : , 2024